[Event "FIDE Grand Swiss"]
[Site "Samarcanda"]
[Date "04.09.2025"]
[Round "1.27"]
[White "Najer, Evgeniy"]
[Black "Eljanov, Pavel"]
[Result "1/2-1/2"]
[WhiteTitle "GM"]
[BlackTitle "GM"]
[WhiteElo "2613"]
[BlackElo "2682"]
[EventDate "2025.09.04"]
[WhiteFideId "4118987"]
[BlackFideId "14102951"]

1. e4 e5 2. Nf3 Nc6 3. Bb5 Nf6 4. d3 Bc5 5. c3 O-O 6. O-O Re8 7. Bg5 h6 8.
Bh4 a6 9. Ba4 Be7 10. Nbd2 d6 11. d4 exd4 12. Nxd4 Bd7 13. Nxc6 Bxc6 14.
Bxc6 bxc6 15. Re1 Nd7 16. Bg3 Bh4 17. Re3 Bxg3 18. Rxg3 Nf6 19. Re3 Re6 20.
h3 Qe8 21. Qe2 c5 22. Qd3 Qb5 23. Qc2 Rae8 24. Rae1 Qb7 25. b3 d5 26. exd5
Rxe3 27. Rxe3 Rxe3 28. fxe3 Qxd5 29. Nf3 c4 30. Nd2 cxb3 31. axb3 a5 32. c4
Qe5 33. Qd3 Qe7 34. Qc3 Nd7 35. Nf3 Nc5 36. Qxa5 Qxe3+ 37. Kh1 Qc1+ 38. Ng1
Ne6 39. Qa8+ Kh7 40. Qf3 Qf4 41. b4 Qxf3 42. Nxf3 Kg6 43. g4 Kf6 44. Kh2
Nf4 45. b5 Nd3 46. Kg3 g6 47. h4 Ke6 48. h5 gxh5 49. gxh5 f5 50. Nd4+ Ke5
51. Nb3 Nf4 52. c5 Nxh5+ 53. Kh4 Nf6 54. b6 cxb6 1/2-1/2

[Event "FIDE Grand Swiss"]
[Site "Samarcanda"]
[Date "04.09.2025"]
[Round "1.28"]
[White "Yakubboev, Nodirbek"]
[Black "Mishra, Abhimanyu"]
[Result "1/2-1/2"]
[WhiteTitle "GM"]
[BlackTitle "GM"]
[WhiteElo "2681"]
[BlackElo "2611"]
[EventDate "2025.09.04"]
[WhiteFideId "14203987"]
[BlackFideId "30920019"]

1. d4 Nf6 2. c4 e6 3. Nf3 d5 4. Nc3 c6 5. Bg5 h6 6. Bxf6 Qxf6 7. e3 Nd7 8.
Be2 g6 9. O-O Qe7 10. c5 Bg7 11. e4 O-O 12. Rc1 a5 13. Re1 b6 14. exd5 exd5
15. Na4 bxc5 16. Nxc5 Nxc5 17. Rxc5 Bg4 18. Qc1 Bxf3 19. Bxf3 Qd7 20. Rxc6
Rac8 21. Bxd5 Rxc6 22. Bxc6 Qxd4 23. b3 Rc8 24. Re8+ Rxe8 25. Bxe8 Qa1 26.
Qxa1 Bxa1 27. Kf1 Kf8 28. Bc6 Bd4 29. Ke2 h5 30. f3 h4 31. Kd3 Be5 32. Ke4
1/2-1/2

[Event "FIDE Grand Swiss"]
[Site "Samarcanda"]
[Date "04.09.2025"]
[Round "1.43"]
[White "Gumularz, Szymon"]
[Black "Sargsyan, Shant"]
[Result "1/2-1/2"]
[WhiteTitle "GM"]
[BlackTitle "GM"]
[WhiteElo "2590"]
[BlackElo "2653"]
[EventDate "2025.09.04"]
[WhiteFideId "1188062"]
[BlackFideId "13306766"]

1. c4 e5 2. g3 c6 3. Nf3 e4 4. Nd4 d5 5. d3 Bc5 6. dxe4 dxe4 7. Be3 Nf6 8.
Nc3 Qe7 9. h3 O-O 10. Qc2 Na6 11. Bg2 Rd8 12. Rd1 Qe5 13. Bf4 Qe7 14. Nb3
Rxd1+ 15. Qxd1 Bb4 16. O-O Bxc3 17. bxc3 Be6 18. Qd4 c5 19. Qe5 Re8 20. Nd2
Bd7 21. Qxe7 Rxe7 22. Rd1 Ba4 23. Nb3 h6 24. Rd8+ Kh7 25. g4 b6 26. Nd2 g5
27. Bd6 Re6 28. Nf1 h5 29. Ne3 hxg4 30. hxg4 Kg6 31. Nd5 Ne8 32. Bg3 Bc6
33. f4 exf3 34. exf3 Kg7 35. Bf1 Nf6 36. Bd3 Re8 37. Rxe8 Nxe8 38. Bf5 Bb7
39. Kf2 Kf8 40. Bd3 f6 41. Ke2 Kf7 42. Bh2 Ba8 43. Ke3 Bb7 44. a3 Ba8 45.
f4 gxf4+ 46. Bxf4 Bb7 47. Be4 Bxd5 48. cxd5 Ke7 49. g5 fxg5 50. Bxg5+ Kd7
51. Bf5+ Kc7 52. Bf4+ Nd6 53. c4 Nb8 54. a4 Nd7 55. Bxd7 Kxd7 56. Bxd6 Kxd6
57. Kf4 a6 58. Ke4 a5 59. Kf5 b5 60. cxb5 Kxd5 61. Kf4 c4 62. Ke3 Ke5 63.
Kd2 Kd6 64. Kc2 Kd5 65. Kd1 Ke5 66. Ke2 Kd5 67. Kd2 Ke5 1/2-1/2

[Event "FIDE Grand Swiss"]
[Site "Samarcanda"]
[Date "04.09.2025"]
[Round "1.44"]
[White "Gelfand, Boris"]
[Black "Jobava, Baadur"]
[Result "1-0"]
[WhiteTitle "GM"]
[BlackTitle "GM"]
[WhiteElo "2652"]
[BlackElo "2590"]
[EventDate "2025.09.04"]
[WhiteFideId "2805677"]
[BlackFideId "13601520"]

1. d4 d5 2. c4 Nc6 3. Nc3 Nf6 4. Nf3 dxc4 5. Bg5 h6 6. Bh4 e5 7. Nxe5 Nxe5
8. dxe5 g5 9. Qxd8+ Kxd8 10. Bg3 Nd7 11. O-O-O c6 12. e3 b5 13. Be2 a6 14.
Bf3 Bb7 15. Bg4 Bc8 16. Ne4 Ra7 17. h4 gxh4 18. Rxh4 Be7 19. Rh5 Rg8 20.
Bf5 Ke8 21. Nd6+ Bxd6 22. Rxd6 Rc7 23. e6 Nb6 1-0

[Event "FIDE Grand Swiss"]
[Site "Samarcanda"]
[Date "05.09.2025"]
[Round "2.5"]
[White "Puranik, Abhimanyu"]
[Black "Vidit, Santosh Gujrathi"]
[Result "1/2-1/2"]
[WhiteTitle "GM"]
[BlackTitle "GM"]
[WhiteElo "2640"]
[BlackElo "2712"]
[EventDate "2025.09.04"]
[WhiteFideId "5061245"]
[BlackFideId "5029465"]

1. d4 Nf6 2. c4 e6 3. Nf3 d5 4. g3 Be7 5. Bg2 O-O 6. Nc3 Nbd7 7. b3 dxc4 8.
bxc4 c5 9. O-O cxd4 10. Qxd4 Nb6 11. Qf4 Bd7 12. Rd1 Rc8 13. Ne5 Qc7 14.
Nxd7 Nbxd7 15. Nb5 Qxf4 16. Bxf4 Rxc4 17. Bxb7 Nc5 18. Bf3 Ra4 19. Be3 a6
20. Na7 Nce4 21. Rac1 Nd5 22. Rd4 Rxd4 23. Bxd4 f5 24. Rc6 Kf7 25. Bxe4
fxe4 26. Rxa6 Ra8 27. Ra5 Bf6 28. Bxf6 gxf6 29. e3 Nc3 30. Kg2 f5 31. h3 h5
32. g4 hxg4 33. hxg4 fxg4 34. a3 Nb1 35. Kg3 Kf6 36. Nc6 Rxa5 37. Nxa5 Nxa3
38. Kxg4 Ke5 1/2-1/2

[Event "FIDE Grand Swiss"]
[Site "Samarcanda"]
[Date "05.09.2025"]
[Round "2.11"]
[White "Keymer, Vincent"]
[Black "Xiong, Jeffery"]
[Result "1-0"]
[WhiteTitle "GM"]
[BlackTitle "GM"]
[WhiteElo "2751"]
[BlackElo "2640"]
[EventDate "2025.09.04"]
[WhiteFideId "12940690"]
[BlackFideId "2047640"]

1. c4 e6 2. Nc3 d5 3. d4 c5 4. cxd5 exd5 5. Nf3 Nc6 6. g3 Nf6 7. a3 cxd4 8.
Nxd4 Bc5 9. Be3 Bb6 10. Bg2 O-O 11. O-O Re8 12. h3 Rxe3 13. fxe3 Qd6 14.
Rf3 Bd7 15. Kh2 Ne5 16. Rf4 Re8 17. Qf1 Nh5 18. Nxd5 Nxf4 19. Qxf4 Bd8 20.
Rd1 Qg6 21. Nf3 Nxf3+ 22. exf3 Bxh3 23. Qa4 Qc6 24. Qxc6 bxc6 25. Kxh3 cxd5
26. Rxd5 Bb6 27. e4 Rd8 28. Rb5 Rd2 29. a4 g6 30. a5 Bg1 31. f4 h5 32. e5
h4 33. gxh4 Rd3+ 34. Kg4 Bh2 35. Bf3 Rd4 36. Rb8+ Kg7 37. Rb7 Rxf4+ 38. Kh3
Rxf3+ 39. Kxh2 Re3 40. b4 Rxe5 41. a6 Re4 42. Kg3 Kf6 43. b5 Rb4 44. Kf3
Ke6 45. Ke3 f5 46. Rxa7 Rb3+ 47. Kf4 Rb4+ 48. Kg5 Rxb5 49. Ra8 Rb4 50. a7
Rg4+ 51. Kh6 Ra4 52. Kxg6 Rg4+ 53. Kh5 Rg7 54. Re8+ Kd5 1-0

[Event "FIDE Grand Swiss"]
[Site "Samarcanda"]
[Date "05.09.2025"]
[Round "2.18"]
[White "Yu, Yangyi"]
[Black "Sjugirov, Sanan"]
[Result "1-0"]
[WhiteTitle "GM"]
[BlackTitle "GM"]
[WhiteElo "2714"]
[BlackElo "2627"]
[EventDate "2025.09.04"]
[WhiteFideId "8603820"]
[BlackFideId "4189302"]

1. d4 d5 2. c4 c6 3. Nf3 Nf6 4. Nc3 e6 5. Bg5 Nbd7 6. cxd5 exd5 7. e3 h6 8.
Bh4 Be7 9. Nd2 O-O 10. Bd3 c5 11. O-O cxd4 12. exd4 Nb8 13. Re1 Nc6 14. Nb3
Be6 15. Rc1 Rc8 16. Bb1 Re8 17. Qd3 Nb4 18. Qf3 Nc6 19. h3 Nd7 20. Bg3 Nf8
21. Rc2 Bd6 22. Rce2 Bxg3 23. fxg3 Re7 24. Kh2 b6 25. Bd3 Nb4 26. Bb1 Nc6
27. Qf4 Bd7 28. Rf1 Be8 29. Ref2 Rcc7 30. Bf5 Ne6 31. Qg4 a6 32. Bd3 Nb4
33. Bb1 Nf8 34. Rf5 Bd7 35. a3 Bxf5 36. Rxf5 Rxc3 37. bxc3 Nc6 38. Qf3 Rd7
39. Bd3 Ne6 40. Qg4 b5 41. Rf1 Qe7 42. Re1 Qd6 43. Nc5 Re7 44. Qf5 Nf8 45.
Rxe7 Nxe7 46. Qe5 Qxe5 47. dxe5 a5 48. Bxb5 Ne6 49. Nb3 Nc7 50. Ba4 Ng6 51.
Nxa5 Nxe5 52. Kg1 Nd3 53. Bc2 Nc5 54. a4 Kf8 55. Nc6 Ke8 56. Kf2 Kd7 57.
Nd4 g6 58. Ke3 Kd6 59. g4 Nd7 60. Bd3 Kc5 61. Nb3+ Kd6 62. a5 Ne5 63. Be2
Nc6 64. c4 Ke5 65. c5 Ne6 66. Bb5 d4+ 67. Kd2 Na7 68. Be8 Nf4 69. Bxf7 Nxg2
70. Nc1 Kf6 71. Be8 Nf4 72. Ne2 Nxh3 73. Nxd4 Nf2 74. Kc3 1-0

[Event "FIDE Grand Swiss"]
[Site "Samarcanda"]
[Date "05.09.2025"]
[Round "2.26"]
[White "Mishra, Abhimanyu"]
[Black "Sarana, Alexey"]
[Result "1-0"]
[WhiteTitle "GM"]
[BlackTitle "GM"]
[WhiteElo "2611"]
[BlackElo "2686"]
[EventDate "2025.09.04"]
[WhiteFideId "30920019"]
[BlackFideId "24133795"]

1. d4 Nf6 2. c4 e6 3. Nc3 d5 4. cxd5 exd5 5. Bg5 c6 6. e3 Bf5 7. f3 h6 8.
Bh4 Nbd7 9. g4 Bh7 10. Bg3 Nb6 11. Bd3 Bd6 12. Nge2 Bxg3+ 13. Nxg3 Qe7 14.
Qd2 Bxd3 15. Qxd3 g6 16. O-O-O O-O-O 17. Kb1 Kb8 18. h4 Rhe8 19. Rde1 Qc7
20. Rh3 h5 21. g5 Nfd7 22. f4 Nc4 23. f5 Qd6 24. b3 Qb4 25. Rh2 Nde5 26.
dxe5 Nxe5 27. Qd4 c5 28. Qxb4 cxb4 29. Nd1 Nf3 30. Rhh1 d4 31. e4 Nxe1 32.
Rxe1 d3 33. Nf2 d2 34. Rd1 Re5 35. f6 Rc5 36. Nf1 Rc3 37. Rxd2 Rxd2 38.
Nxd2 Kc7 39. e5 Kd7 40. Nfe4 Rc7 41. Nd6 Ke6 42. N2c4 Rd7 43. Kc1 b6 44.
Kc2 Rd8 45. Kd3 Kd5 1-0

[Event "FIDE Grand Swiss"]
[Site "Samarcanda"]
[Date "05.09.2025"]
[Round "2.28"]
[White "Xu, Xiangyu"]
[Black "Yakubboev, Nodirbek"]
[Result "0-1"]
[WhiteTitle "GM"]
[BlackTitle "GM"]
[WhiteElo "2615"]
[BlackElo "2681"]
[EventDate "2025.09.04"]
[WhiteFideId "8608288"]
[BlackFideId "14203987"]

1. d4 Nf6 2. c4 e6 3. Nc3 Bb4 4. e3 c5 5. Bd3 Nc6 6. Ne2 O-O 7. a3 Bxc3+ 8.
Nxc3 cxd4 9. exd4 d5 10. Be3 dxc4 11. Bxc4 b6 12. O-O Bb7 13. Ba2 Qd6 14.
d5 exd5 15. Nxd5 Rad8 16. Nc3 Qb8 17. Qa4 Ne5 18. Bf4 Nh5 19. Bxe5 Qxe5 20.
Qxa7 Rb8 21. Rad1 Nf4 22. f3 Qe3+ 23. Kh1 Nd3 24. Bxf7+ Kxf7 25. Qa4 Rfd8
26. Qc2 Kg8 27. Rd2 Ba6 28. Re2 Qc5 29. b4 Qc4 0-1

[Event "FIDE Grand Swiss"]
[Site "Samarcanda"]
[Date "05.09.2025"]
[Round "2.35"]
[White "Artemiev, Vladislav"]
[Black "Ivanchuk, Vasyl"]
[Result "1/2-1/2"]
[WhiteTitle "GM"]
[BlackTitle "GM"]
[WhiteElo "2664"]
[BlackElo "2608"]
[EventDate "2025.09.04"]
[WhiteFideId "24101605"]
[BlackFideId "14100010"]

1. d4 Nf6 2. c4 e6 3. Nc3 Bb4 4. Nf3 b6 5. Bd2 O-O 6. e3 c5 7. a3 Bxc3 8.
Bxc3 Ne4 9. Rc1 d6 10. Be2 Nd7 11. O-O Nxc3 12. Rxc3 Nf6 13. b4 Qe7 14. Qa1
Bb7 15. Nd2 Rfd8 16. Rd1 d5 17. dxc5 bxc5 18. bxc5 dxc4 19. Nxc4 Rxd1+ 20.
Qxd1 Qxc5 21. Qd6 Qb5 22. Rc2 Qb1+ 23. Qd1 Qxd1+ 24. Bxd1 Rd8 25. Rd2 Rxd2
26. Nxd2 Kf8 27. f3 Ke7 28. Kf2 Nd7 29. e4 Kd6 30. Be2 Nb6 31. Ke3 e5 32.
Nc4+ Nxc4+ 33. Bxc4 f6 34. Kd3 Kc5 35. Kc3 Bc8 36. Be2 Be6 37. Bd3 Bf7 38.
Be2 g5 39. Bd3 h5 40. Bf1 h4 41. h3 Be6 42. Bd3 Bd7 43. Be2 f5 44. exf5
Bxf5 45. Bd3 Bxd3 46. Kxd3 Kd5 47. Ke3 a5 48. Kd3 a4 49. Kc3 e4 50. fxe4+
Kxe4 51. Kb4 Kf4 52. Kxa4 Kg3 53. Kb5 Kxg2 54. a4 Kxh3 55. a5 g4 56. a6 g3
57. a7 g2 58. a8=Q g1=Q 59. Qc8+ Qg4 60. Qc3+ Qg3 61. Qc8+ Kg2 62. Qc2+ Qf2
63. Qe4+ Kg1 64. Qg6+ Qg2 65. Qb6+ Kh1 66. Qe6 h3 67. Qe1+ Kh2 68. Qe5+ Qg3
69. Qe2+ Kg1 70. Qd1+ Kg2 71. Qe2+ Qf2 72. Qg4+ Kh2 73. Ka5 Qe1+ 74. Ka4 1/2-1/2

[Event "FIDE Grand Swiss"]
[Site "Samarcanda"]
[Date "05.09.2025"]
[Round "2.50"]
[White "Fedoseev, Vladimir"]
[Black "Nigmatov, Ortik"]
[Result "1-0"]
[WhiteTitle "GM"]
[BlackTitle "GM"]
[WhiteElo "2731"]
[BlackElo "2488"]
[EventDate "2025.09.04"]
[WhiteFideId "24130737"]
[BlackFideId "14202131"]

1. d4 d5 2. Nf3 Nf6 3. c4 e6 4. Nc3 Be7 5. Bg5 h6 6. Bxf6 Bxf6 7. e3 O-O 8.
cxd5 exd5 9. Qb3 c6 10. Bd3 Re8 11. O-O Nd7 12. Rae1 Nb6 13. Nd2 Be6 14.
Qc2 Rc8 15. Nb3 Nd7 16. f4 Nf8 17. f5 Bd7 18. e4 dxe4 19. Nxe4 Rc7 20. Bc4
Bc8 21. Nxf6+ gxf6 22. Rd1 Rce7 23. Qf2 Nh7 24. Qh4 Kg7 25. Qg4+ Kh8 26.
Qh5 Rg8 27. Qxh6 b5 28. Bd3 Bb7 29. Rf2 c5 30. Bxb5 cxd4 31. Bf1 Qb6 32.
Rxd4 Re1 33. Qd2 Rb1 34. Qc2 Re1 35. Qc3 Rb1 36. Nc5 Ba8 37. Rh4 a5 38. a3
Rg5 39. Ne4 Bxe4 40. Rxe4 Kg7 41. Rf4 Kh8 42. Qd4 Qc7 43. Rh4 Kg7 44. Rh3
Qc6 45. Rc3 1-0

[Event "FIDE Grand Swiss"]
[Site "Samarcanda"]
[Date "05.09.2025"]
[Round "2.55"]
[White "Amin, Bassem"]
[Black "Abdisalimov, Abdimalik"]
[Result "1-0"]
[WhiteTitle "GM"]
[BlackTitle "GM"]
[WhiteElo "2636"]
[BlackElo "2488"]
[EventDate "2025.09.04"]
[WhiteFideId "10601457"]
[BlackFideId "14206323"]

1. Nf3 c5 2. c4 Nc6 3. Nc3 g6 4. e3 Nf6 5. d4 cxd4 6. exd4 d5 7. cxd5 Nxd5
8. Qb3 Nxc3 9. Bc4 e6 10. bxc3 Bd7 11. Be2 Na5 12. Qb1 Bg7 13. Ba3 Bf8 14.
Bxf8 Kxf8 15. h4 h5 16. O-O Kg7 17. c4 Qf6 18. Rd1 Rhd8 19. Qb4 b6 20. Rac1
Rac8 21. Ng5 e5 22. d5 Nb7 23. Rc3 Qd6 24. Qb2 Nc5 25. Rg3 Rh8 26. f4 Rce8
27. Nf3 Ne4 28. fxe5 Qc5+ 29. Kh2 Nxg3 30. e6+ f6 31. Kxg3 Bxe6 32. dxe6
Qc7+ 33. Kf2 Rxe6 34. Rd5 Rhe8 35. Bd3 Qf4 36. Qd4 Qxd4+ 37. Nxd4 R6e7 38.
Ne2 Re5 39. Nf4 Rxd5 40. cxd5 f5 41. d6 Kf6 42. d7 Rd8 43. Bb5 a6 44. Bc6
Ke7 45. Nxg6+ Kd6 46. Bf3 Rxd7 47. Bxh5 b5 48. Ke3 Rc7 49. Bd1 Rc1 50. Be2
b4 51. h5 a5 52. Nh4 Ke5 53. h6 Rh1 54. g3 f4+ 55. gxf4+ Kf6 56. Nf3 a4 57.
Bc4 Rc1 58. Bd5 b3 59. axb3 a3 60. b4 Rc2 61. Nd4 Rb2 62. b5 a2 63. Bxa2
Rxa2 64. Ke4 Rh2 65. Kd5 Rh5+ 66. Kc6 Ke7 67. Kc7 Rc5+ 68. Nc6+ Ke6 69. f5+
Kf6 70. b6 Rxf5 71. b7 Rb5 72. Ne5 Rxe5 73. b8=Q Re7+ 74. Kd6 Rh7 75. Qf8+
Kg6 76. Ke6 1-0

[Event "FIDE Grand Swiss"]
[Site "Samarcanda"]
[Date "06.09.2025"]
[Round "3.55"]
[White "Nigmatov, Ortik"]
[Black "Ivic, Velimir"]
[Result "1-0"]
[WhiteTitle "GM"]
[BlackTitle "GM"]
[WhiteElo "2488"]
[BlackElo "2630"]
[EventDate "2025.09.04"]
[WhiteFideId "14202131"]
[BlackFideId "950122"]

1. e4 c5 2. Nf3 d6 3. Bb5+ Nd7 4. d4 cxd4 5. Nxd4 Nf6 6. O-O a6 7. Bd3 Nc5
8. Nc3 g6 9. Re1 Bg7 10. Bf1 O-O 11. a4 Bd7 12. f3 e5 13. Nde2 Bc6 14. Be3
Ne6 15. Nd5 Bxd5 16. exd5 Nc7 17. Nc3 Nh5 18. a5 f5 19. Ra4 Ne8 20. Rb4 Rf7
21. Rb6 Nef6 22. Na4 Qf8 23. c4 Re8 24. c5 e4 25. Rxd6 exf3 26. gxf3 Rfe7
27. Re6 Nxd5 28. Rxe7 Nxe7 29. Qb3+ Kh8 30. Qxb7 Rb8 31. Qxa6 Rb4 32. Nb6
Rxb2 33. Nc4 Nd5 34. Nxb2 Nxe3 35. Qd6 Qxd6 36. cxd6 Bd4 37. Kh1 Nf6 38.
Nc4 f4 39. Nxe3 1-0

[Event "FIDE Grand Swiss"]
[Site "Samarcanda"]
[Date "07.09.2025"]
[Round "4.12"]
[White "Ivanchuk, Vasyl"]
[Black "Vidit, Santosh Gujrathi"]
[Result "1/2-1/2"]
[WhiteTitle "GM"]
[BlackTitle "GM"]
[WhiteElo "2608"]
[BlackElo "2712"]
[EventDate "2025.09.04"]
[WhiteFideId "14100010"]
[BlackFideId "5029465"]

1. e4 e5 2. Nf3 Nc6 3. d4 exd4 4. Nxd4 Nf6 5. Nxc6 bxc6 6. e5 Qe7 7. Qe2
Nd5 8. h4 Qe6 9. Nd2 a5 10. c4 Nb4 11. Nf3 Qg6 12. h5 Qc2 13. h6 gxh6 14.
Nd4 Qxe2+ 15. Kxe2 Bg7 16. Rh4 Ba6 17. Ke1 c5 18. a3 cxd4 19. axb4 axb4 20.
Bxh6 Bxh6 21. Rxh6 Bb7 22. Rxa8+ Bxa8 23. g3 Ke7 24. Kd2 Rg8 25. Ra6 Bf3
26. Rf6 Bh5 27. Rh6 Bg6 28. Bh3 Ra8 29. f4 Be4 30. f5 Ra5 31. Rxh7 Rxe5 32.
g4 Ra5 33. Bf1 Ra2 34. Bd3 Bxd3 35. Kxd3 Rxb2 36. Kxd4 Rg2 37. Ke5 Rxg4 38.
f6+ Kf8 39. Rh8+ Rg8 40. Rh1 Ke8 41. c5 d6+ 42. cxd6 c6 43. Ra1 Rg5+ 44.
Kf4 Rb5 45. Ra8+ Kd7 46. Rf8 Kxd6 47. Rxf7 b3 48. Ra7 Ke6 49. f7 Rb8 50.
Ke3 b2 51. f8=Q Rxf8 52. Rb7 Kd5 53. Rxb2 c5 54. Rc2 Rh8 55. Rc1 Rh2 56.
Kd3 Rh3+ 57. Kc2 Kc4 58. Rg1 Rh2+ 59. Kc1 Re2 60. Rg3 Kb4 61. Rh3 c4 62.
Rg3 Rh2 63. Rf3 Ra2 64. Rh3 Rg2 65. Rf3 c3 66. Rf7 Rb2 67. Rb7+ Ka3 68. Rc7
1/2-1/2

[Event "FIDE Grand Swiss"]
[Site "Samarcanda"]
[Date "07.09.2025"]
[Round "4.14"]
[White "Pranav, V"]
[Black "Nihal Sarin"]
[Result "1/2-1/2"]
[WhiteTitle "GM"]
[BlackTitle "GM"]
[WhiteElo "2596"]
[BlackElo "2693"]
[EventDate "2025.09.04"]
[WhiteFideId "25060783"]
[BlackFideId "25092340"]

1. e4 e5 2. Nf3 Nc6 3. Bb5 Nf6 4. O-O Nxe4 5. Re1 Nd6 6. Nxe5 Be7 7. Bf1
Nf5 8. Nf3 d5 9. d4 O-O 10. Nc3 Nh4 11. Nxh4 Bxh4 12. Bb5 Ne7 13. Bd3 Ng6
14. Qh5 c6 15. Bf4 Bf6 16. Ne2 Re8 17. c3 Bd7 18. Bg3 a5 19. Nf4 a4 20.
Rxe8+ Qxe8 21. a3 Qe7 22. Qd1 Bg5 23. Nxg6 hxg6 24. Qf3 Re8 25. h3 Qf6 26.
Qxf6 Bxf6 27. Bf4 Bf5 28. Bf1 g5 29. Bd2 Be7 30. Re1 f6 31. f3 Kf8 32. Kf2
Ra8 33. Be2 Bd6 34. Rh1 Kf7 35. g4 Bc2 36. c4 dxc4 37. Bxc4+ Ke7 38. h4
gxh4 39. Rxh4 b5 40. Be2 Rb8 41. g5 b4 42. gxf6+ gxf6 43. axb4 Bxb4 44. Bc1
Bd6 45. f4 c5 46. Ke3 Bb1 47. dxc5 Bxc5+ 48. Kd2 Rb4 49. Rh5 Bd6 50. Kc3
Re4 51. Bc4 Bxf4 52. Bxf4 Rxf4 53. Ra5 Bc2 54. Ra7+ Kd6 55. Ra6+ Kc5 56.
Ra5+ Kb6 57. Rb5+ Kc6 58. Rb4 Rf2 59. Bf7 Kd7 60. Bc4 Kd6 61. Bf7 f5 62.
Be8 f4 63. Bxa4 Bb1 64. Bd1 Ke5 65. Rb8 f3 66. Re8+ Kf4 67. Rf8+ Bf5 68.
Ba4 Ke5 69. Re8+ Kd6 70. Rf8 Bg4 71. Bd1 Ke5 72. Kd3 Rf1 73. Bxf3 Bxf3 74.
Ke3 Rb1 75. Rxf3 Rxb2 76. Rf2 Rb3+ 77. Ke2 Ke4 1/2-1/2

[Event "FIDE Grand Swiss"]
[Site "Samarcanda"]
[Date "07.09.2025"]
[Round "4.28"]
[White "Deac, Bogdan-Daniel"]
[Black "Matlakov, Maxim"]
[Result "1/2-1/2"]
[WhiteTitle "GM"]
[BlackTitle "GM"]
[WhiteElo "2674"]
[BlackElo "2609"]
[EventDate "2025.09.04"]
[WhiteFideId "1226380"]
[BlackFideId "4168003"]

1. c4 Nf6 2. d4 e6 3. Nc3 Bb4 4. e3 c5 5. Bd3 Nc6 6. Ne2 cxd4 7. exd4 d5 8.
cxd5 Qxd5 9. O-O Qh5 10. Ne4 Nxe4 11. Bxe4 O-O 12. Bf3 Qa5 13. Be3 Ne7 14.
a3 Bd6 15. Qb3 Rb8 16. Nc3 Bd7 17. Ne4 Bc7 18. Rfc1 Nd5 19. Rc5 Qb6 20. Qc2
Bd8 21. Ng5 Bxg5 22. Bxg5 Bc6 23. Rc1 Rfe8 24. b4 a6 25. Bxd5 exd5 26. Qd2
Re6 27. Re1 Rxe1+ 28. Qxe1 Re8 29. Qd2 Qc7 30. Rc1 Qd7 1/2-1/2

[Event "FIDE Grand Swiss"]
[Site "Samarcanda"]
[Date "07.09.2025"]
[Round "4.32"]
[White "Oparin, Grigoriy"]
[Black "Najer, Evgeniy"]
[Result "1-0"]
[WhiteTitle "GM"]
[BlackTitle "GM"]
[WhiteElo "2660"]
[BlackElo "2613"]
[EventDate "2025.09.04"]
[WhiteFideId "24125890"]
[BlackFideId "4118987"]

1. e4 c5 2. Nf3 d6 3. Bb5+ Bd7 4. Bxd7+ Nxd7 5. O-O e6 6. Qe2 Ngf6 7. b3
Be7 8. Bb2 O-O 9. c4 e5 10. Ne1 Nb8 11. f4 Nc6 12. Nf3 exf4 13. Nc3 Nd7 14.
Nd5 Nde5 15. Kh1 Bf6 16. d3 Bg5 17. Nxg5 Qxg5 18. Rxf4 f5 19. Bxe5 dxe5 20.
Rxf5 Rxf5 21. exf5 Qxf5 22. Rf1 Qg6 23. a3 a5 24. h3 h6 25. Qe3 Qd6 26. Qe4
Rf8 27. Rxf8+ Qxf8 28. Kg1 Qf7 29. Nc3 Kh8 30. Na4 Qe7 31. Qf5 Qd6 32. Kh1
Kg8 33. Qf3 Kh8 34. Nc3 Kg8 35. Ne4 Qe7 36. Qf5 Kh8 37. Kh2 Kg8 38. Kg1 Nd4
39. Qc8+ Kh7 40. Qxc5 Qf7 41. Qxe5 Ne2+ 42. Kh2 Qf1 43. Qc5 Qf4+ 44. g3 Qf3
45. Qd5 Qf1 46. h4 b6 47. h5 Nc1 48. c5 Qe2+ 49. Kg1 Qd1+ 50. Kg2 Qe2+ 51.
Kh3 Qf1+ 52. Kh4 Qh1+ 53. Kg4 Qd1+ 54. Kf4 Qf1+ 55. Ke5 Nxd3+ 56. Ke6 Qh3+
57. Qf5+ Qxf5+ 58. Kxf5 bxc5 59. g4 Kg8 60. Ke6 Kf8 61. Kd6 Ke8 62. a4 c4
63. bxc4 Nb2 64. c5 Nxa4 65. c6 Nb6 66. c7 Nc8+ 67. Ke6 Kf8 68. Nd6 Ne7 69.
Kd7 a4 70. Nf5 1-0

[Event "FIDE Grand Swiss"]
[Site "Samarcanda"]
[Date "07.09.2025"]
[Round "4.37"]
[White "Theodorou, Nikolas"]
[Black "Nigmatov, Ortik"]
[Result "1-0"]
[WhiteTitle "GM"]
[BlackTitle "GM"]
[WhiteElo "2646"]
[BlackElo "2488"]
[EventDate "2025.09.04"]
[WhiteFideId "4262875"]
[BlackFideId "14202131"]

1. d4 d5 2. Nf3 Nf6 3. g3 c5 4. Bg2 cxd4 5. O-O h6 6. Bf4 e6 7. Nxd4 Nbd7
8. Nf3 Be7 9. c4 O-O 10. Nc3 Nb6 11. cxd5 Nfxd5 12. Nxd5 Nxd5 13. Be5 Bd7
14. Rc1 Rc8 15. Rxc8 Qxc8 16. Qb1 Qc4 17. e3 Rc8 18. Bd4 Qc2 19. Bxa7 Qxb1
20. Rxb1 Ra8 21. Bd4 Rxa2 22. Ne5 Be8 23. Rc1 f6 24. Nd3 Bc6 25. Nf4 Nxf4
26. gxf4 Bxg2 27. Kxg2 Bd6 28. Rc3 Ra4 29. Rd3 Bf8 30. Bc3 Ra6 31. Rd7 Rb6
32. Kf3 Rb5 33. Ke4 Bb4 34. Bd4 Bf8 35. Kd3 Rb3+ 36. Bc3 Rb5 37. b4 Rb6 38.
Kc4 Rc6+ 39. Kb3 Rb6 40. e4 h5 41. f3 h4 42. h3 Kh7 43. Rd8 Kg8 44. Rd7 Kh7
45. e5 Kg6 46. Rc7 fxe5 47. fxe5 Kh7 48. Rf7 Kg8 49. Rd7 Kh7 50. Be1 Kg8
51. f4 Kh7 52. Rf7 Kg8 53. Rd7 Kh7 54. Rd8 Kg8 55. Kc4 Rc6+ 56. Kb5 Kf7 57.
Bxh4 Rc3 58. Rd7+ Kg6 59. Rxb7 Rxh3 60. Bg5 Rb3 61. Kc4 Rb1 62. Rb8 Kf7 63.
f5 Rg1 64. Rb7+ Kg8 65. Be3 Re1 66. Kd3 exf5 67. Rb8 Kf7 68. e6+ Kxe6 69.
Rxf8 Rb1 70. Kc4 1-0

[Event "FIDE Grand Swiss"]
[Site "Samarcanda"]
[Date "07.09.2025"]
[Round "4.51"]
[White "Lu, Shanglei"]
[Black "Muradli, Mahammad"]
[Result "1-0"]
[WhiteTitle "GM"]
[BlackTitle "GM"]
[WhiteElo "2647"]
[BlackElo "2590"]
[EventDate "2025.09.04"]
[WhiteFideId "8603332"]
[BlackFideId "13409301"]

1. e4 c5 2. Nf3 d6 3. Bb5+ Bd7 4. Bxd7+ Nxd7 5. O-O e6 6. c3 Ngf6 7. Qe2
Be7 8. d4 O-O 9. Rd1 cxd4 10. cxd4 b5 11. Bg5 h6 12. Bh4 a6 13. Nbd2 Qb6
14. Nb3 Rac8 15. Ne1 a5 16. f3 a4 17. Nc1 Nb8 18. Bf2 d5 19. e5 Nfd7 20.
Ncd3 b4 21. f4 b3 22. axb3 Qxb3 23. Rdc1 Rc4 24. f5 Rfc8 25. Rxc4 dxc4 26.
Nf4 exf5 27. e6 Nf8 28. exf7+ Kxf7 29. Qe5 Rd8 30. Nh5 Bf6 31. Nxf6 gxf6
32. Qxf5 Qxb2 33. Rxa4 Qb3 34. Ra1 c3 35. Qh5+ Kg8 36. Qxh6 Nbd7 37. Rc1
Rc8 38. Nd3 Qd5 39. h3 Kf7 40. Nc5 Nxc5 41. Rxc3 Ra8 42. dxc5 Ra2 43. Rg3
Qe5 44. c6 Rc2 45. c7 Rxc7 46. Rg7+ Ke8 47. Rxc7 Qxc7 48. Qxf6 Qc4 49. Kh2
Ne6 50. Qf5 Qe2 51. h4 Qc4 52. h5 Nf8 53. g4 Qe2 54. Kg3 Qe7 55. g5 Ne6 56.
g6 Qd6+ 57. Kh3 Qd7 58. h6 Nf4+ 59. Kg4 Nxg6 60. Qxd7+ Kxd7 61. Kf5 Nf8 62.
Ke4 1-0